මල් ඔංචිල්ලා /

Mal onchilla
Saved in:
Bibliographic Details
Main Author: තිලකසිරි, සමන්
Format: Book
Published: කොළඹ : සමුද්‍ර පොත් ප්‍රකාශකයෝ, 2025.
Edition:2 වන මුද්‍රණය.
Subjects:
Tags: Add Tag
No Tags, Be the first to tag this record!

MARC

LEADER 00000nam a2200000 4500
003 LK-CoNLD
005 20260407120204.0
008 260220b |||||||| |||| 00| 0 ||| d
015 |2 slnb  |a slnb202601 
017 |a 505010  |b LK-CoDNA 
020 |a 9786242035055 
040 |a LK-CoNLD  |b SIN  |c LK-CoNLD  |d LK-CoNLD 
082 |2 23  |q LK-CoNLD  |a 782.42083 
100 |a තිලකසිරි, සමන්  |9 18232 
245 |a මල් ඔංචිල්ලා /  |c සමන් තිලකසිරි. 
250 |a 2 වන මුද්‍රණය. 
260 |a කොළඹ :  |b සමුද්‍ර පොත් ප්‍රකාශකයෝ,  |c 2025. 
300 |a පි. 33 ;  |c සෙමි. 21.  |b කබැ-බෝක : රු. 375.00 
500 |a 1 වන මුද්‍රණය 1981. 
650 0 |a ළමාගීත, සිංහල  |9 2723 
650 0 |a Children's songs, Sinhalese  |9 2724 
880 |6 245-1  |a Mal onchilla 
942 |c BOOK 
945 |a 20907  |b Asoka NANAYAKKARA  |c 13  |d Ruwanthi NILMINI 
999 |c 297561  |d 297561